Suburbs of the City of Logan - Queensland - Statistics

General Stats
  • This quiz has been taken 137 times
  • The average score is 36 of 70
Answer Stats
Answer % Correct
Beenleigh
90%
Loganlea
88%
Woodridge
88%
Logan Central
86%
Browns Plains
84%
Loganholme
84%
Springwood
84%
Heritage Park
81%
Underwood
81%
Daisy Hill
80%
Logan Village
80%
Marsden
80%
Yarrabilba
78%
Kingston
74%
Park Ridge
72%
Eagleby
71%
Rochedale South
70%
Shailer Park
70%
Waterford
68%
Bethania
67%
Greenbank
67%
Jimboomba
67%
Mount Warren Park
67%
Slacks Creek
65%
Tanah Merah
62%
Waterford West
61%
Crestmead
59%
Regents Park
59%
Bahrs Scrub
58%
Boronia Heights
57%
Cornubia
57%
Holmview
57%
Edens Landing
55%
Logan Reserve
55%
Hill Crest
54%
Park Ridge South
54%
Windaroo
54%
Carbrook
52%
Meadowbrook
52%
Bannockburn
48%
Chambers Flat
48%
Flagstone
46%
North Maclean
46%
Berrinba
45%
South Maclean
45%
Tamborine
45%
Buccan
39%
Cedar Creek
39%
Munruben
39%
Belivah
36%
Forestdale
36%
Cedar Grove
35%
Priestdale
33%
Wolffdene
33%
Mundoolun
32%
Cedar Vale
30%
Lyons
28%
Stockleigh
28%
New Beith
25%
Kairabah
22%
Veresdale
22%
Woodhill
20%
Veresdale Scrub
19%
Glenlogan
16%
Riverbend
16%
Flinders Lakes
14%
Monarch Glen
14%
Silverbark Ridge
14%
Undullah
14%
Kagaru
12%
No matching quizzes found
Score Distribution
Percent of People with Each Score
Percentile by Number Answered
Your Score History
You have not taken this quiz